000 00361nam a2200133Ia 4500
003 GCL
008 140319s9999 xx 000 0 eng d
040 _aGCL /
_cGCL
082 0 4 _a784
_bB S
100 1 _aBANFIELD, STEPHEN
245 1 0 _aSENSIBILITY AND ENGLISH SONG /
_cBANFIELD, STEPHEN
260 _a[S.N] :
_bCAMBRIDGE UNIVERSITY PRESS ،
_c1988
300 _a619
999 _c25579
_d25579